[Event "XXXIII MIEDZYNARODOWE SZACHOWE MISTRZOSTWA MALOPOLSKI - Grupa A"]
[Site "Hotel Galaxy, ul. Gesia 22a, Krakow"]
[Date "1899-12-30"]
[Round "1.1"]
[White "Licznerski, Lukasz"]
[Black "Zarnowski, Krzysztof"]
[Result "1-0"]
[WhiteTitle "IM"]
[BlackTitle "I++"]
[WhiteElo "2460"]
[BlackElo "2079"]

1. e4 e6 2. d4 d5 3. Nd2 Nf6 4. e5 Nfd7 5. Bd3 c5 6. c3 Nc6 7. Ne2 Qb6 8. Nf3 cxd4
9. cxd4 f6 10. exf6 Nxf6 11. O-O Bd6 12. Nc3 O-O 13. Be3 Bd7 14. a3 Rac8 15. Ne5
Bxe5 16. dxe5 d4 17. exf6 dxe3 18. Qh5 Rxf6 19. Qxh7+ Kf8 20. fxe3 Qxe3+ 21. Kh1
Ne5 22. Bg6 Rxf1+ 23. Rxf1+ Ke7 24. Qxg7+ Kd8 25. Rd1 Kc7 26. Be4 Qc5 27. b4 1-0

[Event "XXXIII MIEDZYNARODOWE SZACHOWE MISTRZOSTWA MALOPOLSKI - Grupa A"]
[Site "Hotel Galaxy, ul. Gesia 22a, Krakow"]
[Date "1899-12-30"]
[Round "1.2"]
[White "Meers, Hubert"]
[Black "Barski, Radoslaw"]
[Result "1-0"]
[WhiteTitle "k"]
[BlackTitle "IM"]
[WhiteElo "2071"]
[BlackElo "2427"]

1. e4 e5 2. Nc3 Nf6 3. Bc4 Nxe4 4. Qh5 Nd6 5. Bb3 Be7 6. Nf3 Nc6 7. Nxe5 g6 8.
Nxc6 dxc6 9. Qf3 O-O 10. Ne4 Nxe4 11. Qxe4 Bd6 12. O-O Bf5 13. Qf3 Qh4 14. g3
Qh3 15. d3 Bg4 16. Qg2 Qh5 17. Re1 Bh3 18. Qh1 Rfe8 19. Be3 Qf5 20. Bd4 h5 21.
Re4 b5 22. Rae1 Rf8 23. Be5 Bxe5 24. Rxe5 Qf6 25. Qe4 Rad8 26. Qe3 Rd6 27. f4
a5 28. a4 bxa4 29. Bxa4 Be6 30. Qa7 h4 31. Qxc7 Rd4 32. Qxa5 hxg3 33. hxg3 Bd5
34. Re8 Rxe8 35. Rxe8+ Kg7 36. Qc3 Bf3 37. Kf2 Bd5 38. Ke3 c5 39. Qxc5 Rxa4 40.
Qxd5 Qb6+ 41. Ke2 Ra7 42. Qe5+ f6 43. Qe6 Qxb2 44. Rg8+ Kh7 45. Rc8 f5 46. Qg8+
Kh6 47. Qh8+ 1-0

[Event "XXXIII MIEDZYNARODOWE SZACHOWE MISTRZOSTWA MALOPOLSKI - Grupa A"]
[Site "Hotel Galaxy, ul. Gesia 22a, Krakow"]
[Date "1899-12-30"]
[Round "1.3"]
[White "Razin, Vadim"]
[Black "Kasperek, Ryszard"]
[Result "1-0"]
[WhiteTitle ""]
[BlackTitle "m"]
[WhiteElo "2407"]
[BlackElo "2065"]

1. d4 Nf6 2. Nf3 e6 3. c4 c5 4. d5 exd5 5. cxd5 d6 6. Nc3 g6 7. e4 Bg7 8. Be2 O-O
9. Nd2 Re8 10. O-O Nbd7 11. Qc2 Ne5 12. a4 g5 13. Re1 Nfg4 14. Nf1 Ng6 15. Bxg4
Bxg4 16. Ne3 Bd7 17. Nc4 Qe7 18. Bd2 Ne5 19. Ne3 g4 20. Ne2 h5 21. Ng3 h4 22.
Nef5 Bxf5 23. Nxf5 Qf6 24. Kh1 Qg6 25. Nxh4 Qh5 26. Nf5 Bf6 27. Ra3 Kh7 28. Qd1
Rh8 29. Rh3 1-0

[Event "XXXIII MIEDZYNARODOWE SZACHOWE MISTRZOSTWA MALOPOLSKI - Grupa A"]
[Site "Hotel Galaxy, ul. Gesia 22a, Krakow"]
[Date "1899-12-30"]
[Round "1.4"]
[White "Kulesza, Andrzej"]
[Black "Bogdanov, Egor"]
[Result "0-1"]
[WhiteTitle "I++"]
[BlackTitle "IM"]
[WhiteElo "2064"]
[BlackElo "2398"]

1. e4 c5 2. Nf3 d6 3. d4 cxd4 4. Nxd4 Nf6 5. Nc3 g6 6. Be3 Bg7 7. f3 O-O 8. Qd2
Nc6 9. O-O-O d5 10. Nb3 dxe4 11. Qxd8 Rxd8 12. Rxd8+ Nxd8 13. Nxe4 Nxe4 14. fxe4
b6 15. Bc4 e6 16. Rd1 Bb7 17. Nd2 Rc8 18. Be2 h5 19. h3 Bc6 20. c3 Nb7 21. Bd3
Ba4 22. Nb3 Na5 23. Bc2 Nc4 24. Bd4 Bh6+ 25. Kb1 Rd8 26. Re1 e5 27. Bg1 Bf4 28.
Ka1 Bc6 29. Bf2 a5 30. g3 Bh6 31. Nc1 Rd2 32. Re2 b5 33. Bc5 Rxc2 34. Rxc2 Bxe4
35. Re2 Bxc1 36. Rxe4 Bxb2+ 37. Kb1 Nd2+ 38. Kxb2 Nxe4 0-1

[Event "XXXIII MIEDZYNARODOWE SZACHOWE MISTRZOSTWA MALOPOLSKI - Grupa A"]
[Site "Hotel Galaxy, ul. Gesia 22a, Krakow"]
[Date "1899-12-30"]
[Round "1.5"]
[White "Sieciechowicz, Marcin"]
[Black "Wnek, Filip"]
[Result "1-0"]
[WhiteTitle "IM"]
[BlackTitle "I++"]
[WhiteElo "2387"]
[BlackElo "2057"]

1. d4 f5 2. Nf3 Nf6 3. g3 e6 4. Bg2 Be7 5. O-O O-O 6. c4 d6 7. b3 Qe8 8. Bb2 Ne4
9. Nbd2 Bf6 10. Nxe4 fxe4 11. Ne1 d5 12. f3 exf3 13. Nxf3 Nd7 14. Qc2 c6 15. Rae1
b5 16. cxb5 cxb5 17. Ba3 Be7 18. Bc1 Bb7 19. Ng5 Bxg5 20. Bxg5 Rc8 21. Qd3 a6
22. Rc1 Rxf1+ 23. Rd1 Re1+ 24. Rxe1 h6 25. Rf1 Qh5 26. Bf4 Re8 27. Qe3 Nf6 28.
Rc1 Ba8 29. Rc7 Qg6 30. h3 Kh7 31. Kh2 Ne4 32. Bf3 Rg8 33. Be5 Ng5 34. Qf4 Ne4
35. Bg2 Kh8 36. a3 Qf7 37. Rxf7 Nd2 38. Ra7 Nxb3 39. Rxa6 Nc1 40. Rxe6 Kh7 41.
Bf3 Na2 42. Bg4 Rf8 43. Re7 1-0

[Event "XXXIII MIEDZYNARODOWE SZACHOWE MISTRZOSTWA MALOPOLSKI - Grupa A"]
[Site "Hotel Galaxy, ul. Gesia 22a, Krakow"]
[Date "1899-12-30"]
[Round "1.7"]
[White "Mis, Mieszko"]
[Black "Budzisz, Adrian"]
[Result "1/2-1/2"]
[WhiteTitle "FM"]
[BlackTitle "k"]
[WhiteElo "2364"]
[BlackElo "2049"]

1. d4 Nf6 2. c4 e6 3. Nc3 Bb4 4. e3 O-O 5. Bd2 c5 6. a3 Bxc3 7. Bxc3 Ne4 8. Ne2
d5 9. dxc5 dxc4 10. Qd4 Qxd4 11. exd4 b6 12. f3 Nxc3 13. Nxc3 bxc5 14. dxc5 Ba6
15. O-O-O Rc8 16. Rd6 Bb7 17. Bxc4 Kf8 18. b4 a5 19. Kb2 Ba6 20. Bb3 axb4 21.
axb4 Nc6 22. b5 Bxb5 23. Nxb5 Ra5 24. Nc3 Rxc5 25. Ne4 Rb5 26. Rc1 Rb6 27. Nc5
Ke7 28. Rd7+ Ke8 29. Rb7 Rb8 30. Rxb8+ Nxb8 31. Ra1 Nc6 32. Kc3 Ke7 33. Ra8 Rb5
34. Ne4 Rb8 35. Rxb8 Nxb8 36. Ba4 Na6 37. Kc4 Nc7 38. Nc3 f5 39. Kc5 g5 40. Kb6
Kd6 41. Nb5+ Nxb5 42. Kxb5 Ke5 43. Kc4 Kf4 44. Kd3 e5 45. Bc6 g4 46. fxg4 Kxg4
47. Ke3 h5 48. Be8 h4 49. Bd7 Kg5 50. Kf3 Kg6 51. Bb5 Kg5 52. Bd3 Kf6 53. Bc2
Kg5 54. Ke3 Kg4 55. Bd1+ Kg5 56. Be2 Kg6 57. Bf3 Kg5 58. Bd1 Kg6 59. Kd3 Kg5 60.
Ke3 Kg6 61. Bb3 Kg5 62. Bd5 Kg4 63. Bc6 Kg5 64. Kd3 Kg4 65. Bd7 Kf4 66. Kc4 Ke4
67. Bc6+ Ke3 68. Kd5 e4 69. Ke5 Kf2 70. Kxf5 e3 71. Bb5 Kxg2 72. Kf4 Kxh2 73.
Kxe3 h3 74. Kf2 Kh1 75. Bd7 Kh2 76. Bg4 Kh1 77. Bf3+ Kh2 78. Ba8 1/2-1/2

[Event "XXXIII MIEDZYNARODOWE SZACHOWE MISTRZOSTWA MALOPOLSKI - Grupa A"]
[Site "Hotel Galaxy, ul. Gesia 22a, Krakow"]
[Date "1899-12-30"]
[Round "1.9"]
[White "Wiewiora, Eneasz"]
[Black "Czarnecka, Lidia"]
[Result "1/2-1/2"]
[WhiteTitle "FM"]
[BlackTitle "WCM"]
[WhiteElo "2314"]
[BlackElo "2027"]

1. e4 c5 2. c3 d5 3. exd5 Qxd5 4. d4 Nf6 5. Nf3 Bg4 6. Be2 e6 7. h3 Bh5 8. O-O
Be7 9. Be3 cxd4 10. cxd4 O-O 11. Nc3 Qa5 12. Qb3 Nbd7 13. Rfd1 Nb6 14. g4 Bg6
15. Ne5 Nfd5 16. Bf3 Rac8 17. Rac1 Nxc3 18. Rxc3 Rxc3 19. bxc3 Nd5 20. Bd2 Qa6
21. c4 Nb6 22. c5 Nd5 23. Nxg6 hxg6 24. Bxd5 exd5 25. Qxd5 Rd8 26. Qe4 Qa4 27.
Re1 Bxc5 28. dxc5 Qxe4 29. Rxe4 Rxd2 30. Re8+ Kh7 31. Re7 Rxa2 32. Rxb7 f6 33.
Kg2 Rc2 34. Rb5 Rc3 35. h4 g5 36. hxg5 fxg5 37. Ra5 Kg8 38. Kf1 Kf8 39. Ke2 Rc4
40. Kd3 Rxg4 41. Rxa7 Ke8 42. Rxg7 Kd8 43. Ke3 Kc8 44. Kf3 Rf4+ 45. Ke3 Rf5 46.
c6 Rc5 47. Rg6 Rf5 48. Rg7 Re5+ 49. Kf3 Rf5+ 50. Kg3 Kd8 51. f3 Kc8 52. Kf2 Kd8
53. Ke3 Kc8 54. Re7 Kd8 55. Rd7+ Kc8 56. Rd4 Kc7 57. Rc4 Re5+ 58. Kf2 Rd5 59.
Kg3 Rd1 60. Rc5 Rg1+ 61. Kf2 Rb1 62. Kg2 Ra1 63. Kg3 Rg1+ 64. Kh3 Rf1 65. Kg4
Rg1+ 66. Kh3 Rf1 67. Kg2 Rb1 68. Rc3 Rb5 69. Rc1 Rb4 70. Kg3 Rb5 71. Kg4 Re5 72.
Rc2 Rd5 73. Rc4 Rb5 74. Rc3 Re5 75. Kh5 Rd5 76. Kg6 Rb5 77. Kf6 Ra5 78. Ke6 Ra4
79. Kf5 Ra5+ 80. Kf6 Rb5 81. Re3 Kxc6 82. Re5 Rb3 83. Rf5 Kd7 84. Kxg5 Ke7 85.
Kg6 Rb2 86. f4 Rg2+ 87. Rg5 Rf2 88. Rf5 Rg2+ 1/2-1/2

[Event "XXXIII MIEDZYNARODOWE SZACHOWE MISTRZOSTWA MALOPOLSKI - Grupa A"]
[Site "Hotel Galaxy, ul. Gesia 22a, Krakow"]
[Date "1899-12-30"]
[Round "1.10"]
[White "Makhynia, Kostiantyn"]
[Black "Orzech, Dominik"]
[Result "0-1"]
[WhiteTitle "I"]
[BlackTitle "IM"]
[WhiteElo "2015"]
[BlackElo "2291"]

1. d4 Nf6 2. Nf3 c5 3. d5 e6 4. Nc3 d6 5. e4 exd5 6. exd5 g6 7. Bb5+ Nbd7 8. O-O
a6 9. Re1+ Be7 10. Bxd7+ Qxd7 11. Bh6 Kd8 12. Ng5 Kc7 13. Nxf7 Re8 14. Bf4 Bf8
15. Ng5 Rxe1+ 16. Qxe1 Qf5 17. Qd2 h6 18. Nf3 b5 19. h4 b4 20. Na4 Ne4 21. Qd3
Bd7 22. b3 Bb5 23. Qe3 Ng3 24. fxg3 Re8 25. Qc1 g5 26. Ne1 Bg7 27. c3 Bxa4 28.
cxb4 Bxa1 0-1

[Event "XXXIII MIEDZYNARODOWE SZACHOWE MISTRZOSTWA MALOPOLSKI - Grupa A"]
[Site "Hotel Galaxy, ul. Gesia 22a, Krakow"]
[Date "1899-12-30"]
[Round "1.11"]
[White "Kyc, Jerzy"]
[Black "Trybus, Daniel"]
[Result "1-0"]
[WhiteTitle "m"]
[BlackTitle "k"]
[WhiteElo "2276"]
[BlackElo "2014"]

1. e4 Nf6 2. e5 Nd5 3. d4 d6 4. Bc4 Nb6 5. Bb3 dxe5 6. Qf3 e6 7. dxe5 Nc6 8. Qg3
a5 9. c3 a4 10. Bc2 Qd5 11. f4 Bd7 12. Nf3 Qb5 13. Ng5 h6 14. Bd3 Qa5 15. Ne4
Ne7 16. O-O Nf5 17. Qf2 Bb5 18. Bxb5+ Qxb5 19. Nbd2 h5 20. Nf3 Qc6 21. Re1 Be7
22. Nfg5 Nd7 23. Be3 Ra5 24. Bd4 Rd5 25. Rad1 Qc4 26. b3 axb3 27. axb3 Qxb3 28.
Rb1 Qc4 29. Rxb7 O-O 30. Qf3 g6 31. Bf2 Kg7 32. h3 Ra8 33. g4 hxg4 34. hxg4 Nh6
35. Bd4 Ra3 36. Qg2 c5 37. Rc7 Qa4 38. Bf2 Ra1 39. Rxa1 Qxa1+ 40. Kh2 Qd1 41.
Nf3 Rd3 42. g5 Nf5 43. Nf6 Nf8 44. Ne8+ Kg8 45. Ne1 Ne3 46. Qe4 Ng4+ 47. Kg2 Nxf2
48. Kxf2 Rd2+ 49. Kf1 Bd8 50. Rc8 c4 51. Rxd8 Rxd8 52. Nf6+ 1-0

[Event "XXXIII MIEDZYNARODOWE SZACHOWE MISTRZOSTWA MALOPOLSKI - Grupa A"]
[Site "Hotel Galaxy, ul. Gesia 22a, Krakow"]
[Date "1899-12-30"]
[Round "1.12"]
[White "Rosol, Philip"]
[Black "Suder, Jakub"]
[Result "0-1"]
[WhiteTitle "II"]
[BlackTitle "FM"]
[WhiteElo "2002"]
[BlackElo "2265"]

1. d4 d5 2. c4 e6 3. Nc3 a6 4. Nf3 Nf6 5. Bf4 dxc4 6. a4 Nc6 7. e3 Na5 8. Ne5 Bb4
9. Bxc4 Nxc4 10. Nxc4 Nd5 11. O-O Nxf4 12. exf4 O-O 13. Qb3 Bd6 14. g3 b6 15.
Rfd1 Bb7 16. d5 Re8 17. dxe6 Rxe6 18. f5 Rh6 19. Nxd6 Rxd6 20. Rxd6 Qxd6 21. Rd1
Qe5 22. Nd5 Rd8 23. Qe3 Qd6 24. f6 Bxd5 25. Qg5 Qxf6 26. Rxd5 Qxg5 27. Rxg5 Rd2
28. b3 Rd3 29. Re5 Kf8 30. Re4 Rxb3 31. Rc4 Ra3 32. Kf1 c5 33. Ke2 Ke7 34. Rh4
h6 35. Rg4 g5 36. Re4+ Kf6 37. Rc4 Ke5 38. a5 Rxa5 39. h4 Ra2+ 0-1

[Event "XXXIII MIEDZYNARODOWE SZACHOWE MISTRZOSTWA MALOPOLSKI - Grupa A"]
[Site "Hotel Galaxy, ul. Gesia 22a, Krakow"]
[Date "1899-12-30"]
[Round "1.13"]
[White "Bus, Konrad"]
[Black "Mirski, Michal"]
[Result "1-0"]
[WhiteTitle "k"]
[BlackTitle "I++"]
[WhiteElo "2256"]
[BlackElo "1986"]

1. d4 Nf6 2. Nf3 g6 3. c4 Bg7 4. Nc3 O-O 5. e4 d6 6. Be2 Nc6 7. d5 Nb4 8. O-O a5
9. Re1 Bg4 10. h3 Bd7 11. Bf4 Nh5 12. Bg5 h6 13. Be3 e5 14. dxe6 fxe6 15. Qd2
Kh7 16. Rad1 Bc6 17. a3 Na6 18. g4 Bxc3 19. bxc3 Nf6 20. Bxh6 Nxe4 21. Qe3 Re8
22. Ng5+ Nxg5 23. Bxg5 Qd7 24. Bf6 Kg8 25. Bd3 Qh7 26. Bc2 Nc5 27. f4 Nd7 28.
Bg5 Qg7 29. Rd2 Nc5 30. Qg3 Kf7 31. Rf2 Rh8 32. h4 Raf8 33. f5 gxf5 34. gxf5 e5
35. f6 Qg8 36. Bf5 Re8 37. Qg4 b6 38. h5 Ne6 39. Bg6+ Kf8 40. f7 Qxg6 41. fxe8=Q+
Kxe8 42. Rf6 Qg7 43. Qxe6+ 1-0

[Event "XXXIII MIEDZYNARODOWE SZACHOWE MISTRZOSTWA MALOPOLSKI - Grupa A"]
[Site "Hotel Galaxy, ul. Gesia 22a, Krakow"]
[Date "1899-12-30"]
[Round "1.14"]
[White "Krawczyk, Wojciech"]
[Black "Malicka, Maria"]
[Result "1/2-1/2"]
[WhiteTitle "I++"]
[BlackTitle "WGM"]
[WhiteElo "1985"]
[BlackElo "2255"]

1. d4 Nf6 2. Bg5 e6 3. e4 h6 4. Bxf6 Qxf6 5. c3 d6 6. Nd2 Nd7 7. Bc4 b6 8. Ne2
Bb7 9. O-O Qd8 10. f4 Be7 11. Ng3 O-O 12. Qg4 Nf6 13. Qe2 Nxe4 14. Ndxe4 d5 15.
Bd3 dxe4 16. Bxe4 Bxe4 17. Qxe4 Re8 18. Rad1 Qd5 19. b3 a5 20. Qe2 a4 21. c4 Qc6
22. Qg4 axb3 23. axb3 Ra2 24. Qf3 Qxf3 25. Rxf3 Rea8 26. Ne4 Rb2 27. Rdd3 Ra1+
28. Rf1 Ra3 29. Rff3 Bb4 30. h3 f5 31. Nf2 Raa2 32. Rd1 Kf7 33. g4 Bd6 34. Kf1
g6 35. Nd3 Rd2 36. Rxd2 Rxd2 37. c5 Be7 38. Ke1 Rc2 39. Kd1 Rg2 40. Ne5+ Kg7 41.
cxb6 cxb6 42. Rc3 Bd6 43. gxf5 exf5 44. Rc6 Bxe5 45. dxe5 Rf2 46. Rc7+ Kf8 47.
Rc8+ Ke7 48. Rc7+ Ke8 49. Rc6 Rxf4 50. Rxg6 Rf3 1/2-1/2

[Event "XXXIII MIEDZYNARODOWE SZACHOWE MISTRZOSTWA MALOPOLSKI - Grupa A"]
[Site "Hotel Galaxy, ul. Gesia 22a, Krakow"]
[Date "1899-12-30"]
[Round "1.15"]
[White "Kaliszuk, Kamil"]
[Black "Sygulski, Piotr"]
[Result "1/2-1/2"]
[WhiteTitle "k"]
[BlackTitle "I+"]
[WhiteElo "2249"]
[BlackElo "1981"]

1. d4 Nf6 2. c4 e6 3. Nc3 d5 4. cxd5 exd5 5. Bg5 c6 6. e3 Bf5 7. Qf3 Bg6 8. Bxf6
Qxf6 9. Qxf6 gxf6 10. h4 h5 11. Nh3 Nd7 12. Nf4 Bd6 13. g3 Kf8 14. Be2 a5 15.
Bf3 Nb6 16. O-O-O Nc4 17. Nxg6+ fxg6 18. e4 dxe4 19. Nxe4 Be7 20. Nc5 Bxc5 21.
dxc5 Ne5 22. Be2 Rh7 23. Rd6 Rf7 24. f4 Ng4 25. Bxg4 hxg4 26. h5 Kg7 27. hxg6
Kxg6 28. Rh4 Kf5 29. Rd1 a4 30. Rh5+ Ke4 31. Rh2 Ra5 32. Rc2 Kf5 33. Rh1 Rd7 34.
Rh5+ Ke4 35. Rh4 Kf5 36. Rc3 Rd5 37. Rh5+ Ke4 38. Rc4+ Rd4 39. Rc3 Rd5 40. Rc4+
Rd4 41. Rc3 Rd5 1/2-1/2

[Event "XXXIII MIEDZYNARODOWE SZACHOWE MISTRZOSTWA MALOPOLSKI - Grupa A"]
[Site "Hotel Galaxy, ul. Gesia 22a, Krakow"]
[Date "1899-12-30"]
[Round "1.16"]
[White "Molnar, Laszlo"]
[Black "Klepek, Witold"]
[Result "0-1"]
[WhiteTitle ""]
[BlackTitle "k++"]
[WhiteElo "1978"]
[BlackElo "2236"]

1. e4 e6 2. d4 d5 3. Nd2 c5 4. exd5 Qxd5 5. Ngf3 cxd4 6. Bc4 Qd6 7. O-O Nf6 8.
Nb3 Nc6 9. Nbxd4 Nxd4 10. Qxd4 Qxd4 11. Nxd4 Bd7 12. Re1 Rc8 13. Bb3 Bc5 14. c3
a5 15. a4 Bxd4 16. cxd4 Bc6 17. Bg5 Nd5 18. Rac1 Kd7 19. Bxd5 Bxd5 20. Bd2 b6
21. b4 axb4 22. Bxb4 Ra8 23. Ra1 Rhc8 24. a5 Rc4 25. Bd2 b5 26. f3 Rxd4 27. Bc3
Ra4 28. Rxa4 bxa4 29. Ra1 Bb3 30. Bxg7 Rxa5 31. Bf8 Rd5 32. Bb4 Rd4 33. Ba5 Kc6
34. Bc3 Rd3 35. Bg7 Kd5 36. Bf8 Rd2 37. Rc1 Bc2 38. Bb4 Re2 39. Kf1 Bd3 40. Kg1
Rb2 41. Bf8 e5 42. Rc5+ Kd4 43. Ra5 Bb5 44. Bg7 f5 45. h4 Rb1+ 46. Kh2 Kd5 47.
h5 e4 48. fxe4+ fxe4 49. Kg3 Rb3+ 50. Kf2 e3+ 51. Kf3 e2+ 52. Kf2 Kc6 53. h6 Rb1
54. Bc3 Rf1+ 55. Ke3 e1=Q+ 56. Bxe1 Rxe1+ 57. Kd4 0-1

[Event "XXXIII MIEDZYNARODOWE SZACHOWE MISTRZOSTWA MALOPOLSKI - Grupa A"]
[Site "Hotel Galaxy, ul. Gesia 22a, Krakow"]
[Date "1899-12-30"]
[Round "1.17"]
[White "Kacprzak, Karol"]
[Black "Adamczyk, Zuzanna"]
[Result "1-0"]
[WhiteTitle "k+"]
[BlackTitle "WCM"]
[WhiteElo "2229"]
[BlackElo "1976"]

1. e4 c6 2. d4 d5 3. e5 Bf5 4. h4 h5 5. c4 e6 6. Nc3 Nd7 7. cxd5 cxd5 8. Bd3 Bxd3
9. Qxd3 a6 10. Nf3 Be7 11. Bg5 b5 12. O-O Nb6 13. b3 Nh6 14. a4 b4 15. Ne2 a5
16. Ng3 g6 17. Rac1 Bxg5 18. Nxg5 Qd7 19. Rc5 Ke7 20. Rfc1 Ra7 21. Qd2 Kf8 22.
Rxa5 Rxa5 23. Qxb4+ Kg7 24. Qxa5 Qb7 25. Rc5 Nd7 26. Rc7 Qxb3 27. Rxd7 Qd1+ 28.
Nf1 1-0

[Event "XXXIII MIEDZYNARODOWE SZACHOWE MISTRZOSTWA MALOPOLSKI - Grupa A"]
[Site "Hotel Galaxy, ul. Gesia 22a, Krakow"]
[Date "1899-12-30"]
[Round "1.18"]
[White "Muller, Maxime"]
[Black "Kacprzak, Kacper"]
[Result "0-1"]
[WhiteTitle ""]
[BlackTitle "k++"]
[WhiteElo "1974"]
[BlackElo "2228"]

1. e4 c5 2. Nf3 d6 3. Bb5+ Bd7 4. Bxd7+ Qxd7 5. O-O Nf6 6. Qe2 Nc6 7. Rd1 Rc8 8.
c3 e6 9. d4 cxd4 10. cxd4 d5 11. Nc3 dxe4 12. Nxe4 Nd5 13. Ne5 Qc7 14. Bg5 h6
15. Bh4 Be7 16. Nxc6 Qxc6 17. Bxe7 Nxe7 18. d5 Nxd5 19. Rxd5 Qxd5 20. Rd1 Qc6
21. Nd6+ Ke7 22. Qe5 f6 23. Qg3 g5 24. Nxc8+ Rxc8 25. Qa3+ Kf7 26. Qxa7 Rd8 27.
Re1 Rd2 28. b3 e5 29. h3 h5 30. Qe3 Qc2 31. a4 Kg7 32. Qf3 Rd7 33. Re3 h4 34.
Qe4 Rd1+ 35. Kh2 Qxf2 36. Qxb7+ Kh6 0-1

[Event "XXXIII MIEDZYNARODOWE SZACHOWE MISTRZOSTWA MALOPOLSKI - Grupa A"]
[Site "Hotel Galaxy, ul. Gesia 22a, Krakow"]
[Date "1899-12-30"]
[Round "1.19"]
[White "Aymerich Verdaguer, Eduard"]
[Black "Darowicki, Mariusz"]
[Result "1-0"]
[WhiteTitle "CM"]
[BlackTitle "I++"]
[WhiteElo "2189"]
[BlackElo "1970"]

1. d4 Nf6 2. c4 e6 3. Nc3 Bb4 4. Qc2 c5 5. dxc5 Bxc5 6. e3 O-O 7. Nf3 Nc6 8. a3
d5 9. b4 Be7 10. Bb2 Bd7 11. Rd1 dxc4 12. Bxc4 Rc8 13. Qb3 a6 14. O-O Qc7 15.
Bd3 b5 16. Ne4 Nxe4 17. Bxe4 Bf6 18. Bxh7+ Kxh7 19. Bxf6 gxf6 20. Qd3+ Kg7 21.
Qxd7 Rfd8 22. Qxc7 Rxc7 23. g4 a5 24. Rxd8 Nxd8 25. Rd1 Nb7 26. h3 axb4 27. axb4
Kf8 28. Nd4 Rc4 29. Nxb5 Rxb4 30. Nd4 Nc5 31. Rc1 Nd3 32. Rc3 Ne5 33. Kg2 Rb2
34. Kg3 Rb7 35. f4 Nd7 36. h4 Kg7 37. Kf3 Nf8 38. f5 e5 39. Ne2 Nd7 40. Ng3 Kf8
41. Ne4 Ke7 42. Rc6 Ra7 43. Nc3 Kf8 44. Nd5 Kg7 45. g5 fxg5 46. hxg5 Rb7 47. Rc7
Rxc7 48. Nxc7 Nc5 49. Ne8+ Kf8 50. Nf6 Ke7 51. Ne4 Nd3 52. Ke2 Nb4 53. Nf6 Nc6
54. Kd3 Kf8 55. Ke4 Kg7 56. Kd5 Nb4+ 57. Kxe5 Nd3+ 58. Ke4 Nf2+ 59. Kf3 Nd3 60.
Nd7 Ne1+ 61. Kg4 Ng2 62. e4 Ne3+ 63. Kf4 Ng2+ 64. Kg3 Ne3 65. Kf3 Nf1 66. Kf4
Nd2 67. e5 Kg8 68. f6 Nc4 69. g6 fxg6 70. e6 1-0

[Event "XXXIII MIEDZYNARODOWE SZACHOWE MISTRZOSTWA MALOPOLSKI - Grupa A"]
[Site "Hotel Galaxy, ul. Gesia 22a, Krakow"]
[Date "1899-12-30"]
[Round "1.20"]
[White "Solano, Juan Pablo"]
[Black "Kaim, Piotr"]
[Result "0-1"]
[WhiteTitle ""]
[BlackTitle "m"]
[WhiteElo "1955"]
[BlackElo "2167"]

1. d4 Nf6 2. c4 c5 3. Nf3 cxd4 4. Nxd4 b6 5. Nc3 Bb7 6. f3 e6 7. e4 d6 8. Bg5 Be7
9. Ndb5 O-O 10. Bf4 Nh5 11. Bxd6 a6 12. Bxb8 Qxb8 13. Na3 Bh4+ 14. g3 Rd8 15.
Qc2 Nxg3 16. Rg1 Nf5+ 0-1

[Event "XXXIII MIEDZYNARODOWE SZACHOWE MISTRZOSTWA MALOPOLSKI - Grupa A"]
[Site "Hotel Galaxy, ul. Gesia 22a, Krakow"]
[Date "1899-12-30"]
[Round "1.21"]
[White "Zalega, Maciej"]
[Black "Karut, Kacper"]
[Result "1/2-1/2"]
[WhiteTitle "I++"]
[BlackTitle "I"]
[WhiteElo "2166"]
[BlackElo "1954"]

1. e4 c5 2. Nf3 Nc6 3. d4 cxd4 4. Nxd4 Nf6 5. Nc3 d6 6. Bc4 e6 7. Be3 Be7 8. Qe2
O-O 9. O-O-O Nxd4 10. Bxd4 a6 11. e5 dxe5 12. Bxe5 Qa5 13. Bb3 b6 14. Rhg1 Bb7
15. g4 Rfd8 16. g5 Ne4 17. f4 Nxc3 18. Bxc3 Qf5 19. Be5 b5 20. Rge1 Rac8 21. c3
b4 22. Rxd8+ Rxd8 23. Bc2 Qh3 24. Kb1 bxc3 25. Bxc3 Qf3 26. Qe5 Bf8 27. a4 Rd5
28. Qb8 Rc5 29. Rd1 Rc8 30. Qe5 Rc5 1/2-1/2

[Event "XXXIII MIEDZYNARODOWE SZACHOWE MISTRZOSTWA MALOPOLSKI - Grupa A"]
[Site "Hotel Galaxy, ul. Gesia 22a, Krakow"]
[Date "1899-12-30"]
[Round "1.22"]
[White "Barwinska, Ewa"]
[Black "Markowski, Damian"]
[Result "1-0"]
[WhiteTitle "WCM"]
[BlackTitle "FM"]
[WhiteElo "1953"]
[BlackElo "2160"]

1. e4 d6 2. d4 Nf6 3. Nc3 g6 4. f4 Bg7 5. Nf3 O-O 6. Be2 c5 7. dxc5 Qa5 8. O-O
Qxc5+ 9. Kh1 Nc6 10. Qe1 Be6 11. Bd3 Rac8 12. Be3 Qh5 13. Ne2 Ng4 14. Ng3 Qh6
15. c3 Nxe3 16. Qxe3 Ne5 17. Be2 Nc4 18. Bxc4 Bxc4 19. Rfe1 e5 20. Qxa7 exf4 21.
Ne2 d5 22. e5 Rfe8 23. Ned4 Re7 24. Qb6 Rce8 25. Qd6 Qh5 26. e6 Bxd4 27. exf7+
Kxf7 28. Rxe7+ Rxe7 29. cxd4 Qf5 30. Ne5+ Kf8 31. b3 Be2 32. Re1 f3 33. Nxf3 Qe6
34. Qxe6 Rxe6 35. Kg1 Ke7 36. Ng5 1-0

[Event "XXXIII MIEDZYNARODOWE SZACHOWE MISTRZOSTWA MALOPOLSKI - Grupa A"]
[Site "Hotel Galaxy, ul. Gesia 22a, Krakow"]
[Date "1899-12-30"]
[Round "1.23"]
[White "Sliwicki, Damian"]
[Black "Syrkiewicz, Michal"]
[Result "1/2-1/2"]
[WhiteTitle "CM"]
[BlackTitle "k"]
[WhiteElo "2158"]
[BlackElo "1945"]

1. e4 c5 2. Nf3 e6 3. d4 cxd4 4. Nxd4 a6 5. Nc3 b5 6. g3 Bb7 7. Bg2 b4 8. Nb1 Nf6
9. Bg5 Be7 10. Nd2 Nc6 11. Nxc6 Bxc6 12. O-O d5 13. e5 Nd7 14. Bxe7 Qxe7 15. f4
Bb5 16. Rf2 Nb6 17. Nf3 O-O 18. Nd4 Rfc8 19. b3 Ra7 20. Qg4 Bd7 21. Re1 Qc5 22.
Qd1 Na8 23. g4 Nc7 24. Bf1 Bb5 25. f5 Bxf1 26. Rexf1 Nb5 27. Nxb5 axb5 28. Qf3
Qd4 29. fxe6 fxe6 30. g5 Rac7 31. Kg2 Qe4 32. Qxe4 dxe4 33. Re1 Rxc2 34. Rxe4
Rxf2+ 35. Kxf2 Rc2+ 36. Kg3 Rxa2 37. Rxb4 Ra5 38. Kg4 Kf7 39. Rd4 Ke7 40. g6 hxg6
41. Kg5 Ra2 42. Rb4 Rg2+ 43. Kf4 g5+ 44. Kf3 Rxh2 45. Rxb5 Kd7 46. Rb6 Rh4 47.
b4 Rf4+ 48. Ke3 Rf5 49. Kd4 g4 50. Rb7+ Kc6 51. Rxg7 Rf4+ 52. Kc3 Rf3+ 53. Kc4
Rf4+ 1/2-1/2

[Event "XXXIII MIEDZYNARODOWE SZACHOWE MISTRZOSTWA MALOPOLSKI - Grupa A"]
[Site "Hotel Galaxy, ul. Gesia 22a, Krakow"]
[Date "1899-12-30"]
[Round "1.24"]
[White "Kusiak, Mateusz"]
[Black "Tymrakiewicz, Rafal"]
[Result "0-1"]
[WhiteTitle "I++"]
[BlackTitle "FM"]
[WhiteElo "1943"]
[BlackElo "2154"]

1. e4 c6 2. d4 d5 3. e5 Bf5 4. h4 Qc8 5. c4 e6 6. Nc3 h6 7. Be3 dxc4 8. Bxc4 Nd7
9. g4 Bh7 10. f4 Nb6 11. Bb3 Ne7 12. Nf3 Qd7 13. O-O h5 14. gxh5 Ned5 15. Bf2
Nxf4 16. Ng5 Bd3 17. Re1 Bf5 18. Qf3 Nd3 19. Re3 Nxf2 20. Kxf2 Qxd4 21. Kg3 Rxh5
22. Re4 Rxg5+ 23. hxg5 Bxe4 24. Qxe4 Qxe4 25. Nxe4 Nd5 26. Rh1 Rd8 27. Rh8 Kd7
28. Rh1 Be7 29. Rh7 Rg8 30. Kf3 b6 31. a3 a6 32. Bc4 b5 33. Bb3 c5 34. Bc2 Kc6
35. Bd3 Nb6 36. Bc2 Nd7 37. Kf4 Nf8 0-1

[Event "XXXIII MIEDZYNARODOWE SZACHOWE MISTRZOSTWA MALOPOLSKI - Grupa A"]
[Site "Hotel Galaxy, ul. Gesia 22a, Krakow"]
[Date "1899-12-30"]
[Round "1.25"]
[White "Triadu Cassa, Jordi"]
[Black "Gora, Antonina"]
[Result "0-1"]
[WhiteTitle "CM"]
[BlackTitle "k"]
[WhiteElo "2150"]
[BlackElo "1941"]

1. e4 c5 2. Nf3 d6 3. d4 cxd4 4. Nxd4 Nf6 5. Nc3 a6 6. Bc4 e6 7. Bb3 Be7 8. O-O
Qc7 9. f4 b5 10. a3 O-O 11. f5 e5 12. Nf3 Bb7 13. Bg5 Nxe4 14. Nd5 Bxd5 15. Bxd5
Nxg5 16. Bxa8 Qa7+ 17. Kh1 Qxa8 18. Nxg5 Bxg5 19. f6 Bxf6 20. Rxf6 gxf6 21. Qg4+
Kh8 22. Qf5 Nd7 23. Qxd7 Rg8 24. Qh3 Qe4 25. c3 f5 26. Rg1 Rg6 27. Rf1 f4 28.
Kg1 Kg7 29. b4 d5 30. Rf3 Qe1+ 31. Rf1 Qd2 32. Rf2 Qc1+ 33. Rf1 Qxa3 34. Qd3 Qa2
35. Rf2 Qc4 36. Qd2 Qc6 37. Qe1 Qd6 38. Qd2 Rf6 39. Rf1 e4 40. Qd4 Qb6 41. Qxb6
Rxb6 42. Rxf4 Rf6 43. Rg4+ Kf8 44. Rg5 e3 45. Re5 Re6 46. Rxe6 fxe6 47. Kf1 e5
48. Ke2 d4 49. cxd4 exd4 50. g4 Kf7 51. h4 Kf6 52. Kf3 Ke5 53. Kg3 e2 54. Kf2
d3 55. g5 0-1

[Event "XXXIII MIEDZYNARODOWE SZACHOWE MISTRZOSTWA MALOPOLSKI - Grupa A"]
[Site "Hotel Galaxy, ul. Gesia 22a, Krakow"]
[Date "1899-12-30"]
[Round "1.26"]
[White "Cichon, Jakub"]
[Black "Orzechowski, Jacek"]
[Result "1-0"]
[WhiteTitle "I+"]
[BlackTitle "m"]
[WhiteElo "1937"]
[BlackElo "2139"]

1. e4 e6 2. d4 d5 3. Nd2 c5 4. exd5 Qd7 5. d6 Qxd6 6. Ngf3 Qd5 7. Bc4 cxd4 8. O-O
Qd7 9. Nb3 Nf6 10. Nbxd4 Nc6 1-0